The legal and regulatory environment of business

In 1963, the first edition of Legal and Regulatory Environment of Business, authored by Bob Corley, started a new course emphasizing the legal environment in which business is conducted. By focusing on the public nature of how government regulates business activities, rather than simply how business...

Full description

Saved in:
Bibliographic Details
Format: Book
Language:Undetermined
Published: New York, NY McGraw-Hill/Irwin 2005
Subjects:
Tags: Add Tag
No Tags, Be the first to tag this record!
Institutions: Trung tâm Học liệu Trường Đại học Cần Thơ
LEADER 01206nam a2200193Ia 4500
001 CTU_214642
008 210402s9999 xx 000 0 und d
082 |a 346.7307 
082 |b L496/Dis.1 
245 4 |a The legal and regulatory environment of business 
245 0 |c O. Lee Reed ... [et al.] 
260 |a New York, NY 
260 |b McGraw-Hill/Irwin 
260 |c 2005 
520 |a In 1963, the first edition of Legal and Regulatory Environment of Business, authored by Bob Corley, started a new course emphasizing the legal environment in which business is conducted. By focusing on the public nature of how government regulates business activities, rather than simply how businesses privately make transactions, a movement away from traditional Business Law began. Through it’s previous 12 editions, Legal and Regulatory Environment of Business has been the leader in setting the standard for materials covered in an introduction to the legal and regulatory environment of business. 
650 |a Trade regulation,Business law,Industrial laws and legislation 
650 |z United States,United States,United States 
904 |i Qhieu 
980 |a Trung tâm Học liệu Trường Đại học Cần Thơ